000 00226nam a22000857a 4500
008 220721b ||||| |||| 00| 0 eng d
100 _aPostage Stamps of France
245 _aSotheby's
650 _aStamps of France | Sotheby's Auction
999 _c3431
_d3431